BTS Songs - Sudden Death - Statistiken

Allgemein
  • Dieses Quiz wurde 32 mal gespielt
  • Das Durchschnittsergebnis liegt bei 7 aus 20
Answers on the Grid
Answers color-coded by a green-red scale on the quiz's grid according to % correct below.
134340
21st Century
Adrenaline
Be Mine pt. 2
Best Of Me
Bite Me
BTS Cypher 4
Butterfly
Converse High
Dimple
Do It
Epilogue: Young Forever
FYA
GO!
Intro: Love Me
Jamais Vu
Louder than bombs
Lovesick
MIC Drop
Moon
N.O
NORMAL
Not Today
Run BTS
So 4 more
Spring Day
Stay BTS
TREASURE
UGH!
We are Bulletproof : the Eternal
 
Antwortstatistiken
Antwort % Korrekt
Butterfly
47%
NORMAL
47%
Epilogue: Young Forever
40%
FYA
40%
Moon
40%
Run BTS
40%
Spring Day
40%
UGH!
40%
BTS Cypher 4
33%
Converse High
33%
Louder than bombs
33%
N.O
33%
Not Today
33%
We are Bulletproof : the Eternal
33%
Best Of Me
27%
Dimple
27%
Jamais Vu
27%
MIC Drop
27%
134340
20%
So 4 more
13%
Keine übereinstimmenden Quizze gefunden
Verteilung der Resultate
Anzahl Personen mit jedem Resultat
Perzentil nach korrekt beantworteten Fragen
Ihre Resultats-Entwicklung
Sie haben dieses Quiz noch nicht gespielt